Statistiques concernant Top 10 des pays dans la production d'énergie renouvelable

Cliquez ici pour prendre le quiz!

Statistiques générales

  • Ce quiz a été pris 142 fois
    (99 depuis la dernière actualisation)
  • Le résultat moyen est 8 sur 10

Statistiques - réponses

GWhPays% Correct
4,322,038États-Unis
98%
6,217,907Chine
96%
556,184France
96%
649,119Allemagne
89%
667,438Canada
84%
1,477,564Inde
82%
1,090,973Russie
82%
578,889Brésil
79%
1,057,976Japon
77%
562,603Corée du Sud
42%

Distribution des résultats

Percentile par nombre de réponses

% des personnes avec chaque résultat

Votre développement - résultats

Vous n’avez pas pris ce quiz depuis la dernière actualisation